[Event "wgm"]
[Site "?"]
[Date "2015.09.16"]
[Round "1.1"]
[White "Zawadzka, Jolanta"]
[Black "Gaponenko, Inna"]
[Result "1-0"]
[BlackElo "2402"]
[WhiteElo "2430"]
[LiveChessVersion "1.4.4"]

1. e4 c5 2. Nf3 Nc6 3. d4 cxd4 4. Nxd4 e5 5. Nb5 a6 6. Nd6+ Bxd6 7. Qxd6 Qe7 8.
Qxe7+ Ngxe7 9. c4 Nd4 10. Bd3 d6 11. Nc3 f5 12. Be3 Nec6 13. Nd5 O-O 14. f3 fxe4
15. fxe4 Bg4 16. Kd2 Ne6 17. Rhf1 Rxf1 18. Rxf1 Rf8 19. b4 Rxf1 20. Bxf1 Kf7 21.
Bb6 Ke8 22. b5 Ncd4 23. bxa6 bxa6 24. Nb4 Nc5 25. Bxc5 dxc5 26. Nd3 Ke7 27. Nxc5
Bc8 28. Kc3 Kd6 29. Nd3 Bb7 30. c5+ Ke6 31. Nf2 Kd7 32. Bc4 Kc7 33. Bd5 Bc8 34.
Nd3 Ne6 35. Bxe6 Bxe6 36. a3 Kc6 37. Kb4 Ba2 38. Nxe5+ Kc7 39. Kc3 Bb1 40. Kd4
Ba2 41. Nd3 Bf7 42. Nb4 a5 43. Nd3 Be6 44. Ne5 Kb7 45. Nc4 Ka6 46. Nd6 Ba2 47.
Ne8 g6 48. Nd6 1-0

[Event "wgm"]
[Site "?"]
[Date "2015.09.16"]
[Round "1.2"]
[White "Bulmaga, Irina"]
[Black "Szczepkowska-Horowska, Karina"]
[Result "1-0"]
[BlackElo "2395"]
[WhiteElo "2372"]
[LiveChessVersion "1.4.4"]

1. e4 {[%clk 1:30:56]} e5 {[%clk 1:30:34]} 2. Nf3 {[%clk 1:31:18]} Nc6
{[%clk 1:30:54]} 3. Bc4 {[%clk 1:31:40]} Nf6 {[%clk 1:31:16]} 4. d3
{[%clk 1:32:02]} Be7 {[%clk 1:31:35]} 5. O-O {[%clk 1:32:22]} O-O
{[%clk 1:31:58]} 6. Re1 {[%clk 1:32:39]} d6 {[%clk 1:31:01]} 7. a4
{[%clk 1:32:58]} Na5 {[%clk 1:31:26]} 8. Ba2 {[%clk 1:33:21]} c5 {[%clk 1:31:51]}
9. Bd2 {[%clk 1:32:10]} Nc6 {[%clk 1:27:00]} 10. Nc3 {[%clk 1:32:33]} Be6
{[%clk 1:23:20]} 11. Nd5 {[%clk 1:31:29]} Bxd5 {[%clk 1:17:07]} 12. exd5
{[%clk 1:31:50]} Nb8 {[%clk 1:10:15]} 13. c3 {[%clk 1:28:55]} Nbd7
{[%clk 1:07:35]} 14. d4 {[%clk 1:23:24]} exd4 {[%clk 1:04:22]} 15. cxd4
{[%clk 1:23:07]} Re8 {[%clk 1:04:34]} 16. Bc3 {[%clk 1:17:49]} Bf8
{[%clk 0:53:58]} 17. Rxe8 {[%clk 1:13:02]} Nxe8 {[%clk 0:53:36]} 18. Qd2
{[%clk 1:00:48]} c4 {[%clk 0:48:07]} 19. Bxc4 {[%clk 1:00:14]} Ndf6
{[%clk 0:40:40]} 20. Re1 {[%clk 0:50:59]} Nc7 {[%clk 0:39:44]} 21. Qc2
{[%clk 0:39:38]} Qd7 {[%clk 0:40:07]} 22. Qb3 {[%clk 0:39:08]} Rb8
{[%clk 0:37:57]} 23. Bd2 {[%clk 0:36:27]} h6 {[%clk 0:37:54]} 24. h3
{[%clk 0:33:23]} b6 {[%clk 0:34:18]} 25. Bd3 {[%clk 0:32:10]} Re8
{[%clk 0:29:39]} 26. Rc1 {[%clk 0:29:13]} Re7 {[%clk 0:26:16]} 27. a5
{[%clk 0:25:27]} b5 {[%clk 0:24:02]} 28. Qc2 {[%clk 0:21:05]} Nfxd5
{[%clk 0:22:07]} 29. Qc6 {[%clk 0:15:11]} a6 {[%clk 0:20:52]} 30. Qxd7
{[%clk 0:13:31]} Rxd7 {[%clk 0:21:05]} 31. Be4 {[%clk 0:11:38]} Be7
{[%clk 0:15:12]} 32. Rc6 {[%clk 0:11:19]} Rd8 {[%clk 0:14:03]} 33. Bxd5
{[%clk 0:08:53]} Nxd5 {[%clk 0:14:29]} 34. Rxa6 {[%clk 0:06:49]} Rc8
{[%clk 0:14:56]} 35. Ra7 {[%clk 0:06:20]} Rc2 {[%clk 0:12:07]} 36. Rb7
{[%clk 0:03:39]} Rxb2 {[%clk 0:09:55]} 37. a6 {[%clk 0:04:02]} Ra2
{[%clk 0:08:00]} 38. a7 {[%clk 0:04:29]} Kh7 {[%clk 0:07:33]} 39. Rxb5
{[%clk 0:04:44]} Nc7 {[%clk 0:07:43]} 40. Ra5 {[%clk 0:33:14]} Rxa5
{[%clk 0:38:08]} 41. Bxa5 {[%clk 0:33:40]} Na8 {[%clk 0:38:35]} 42. d5
{[%clk 0:30:09]} Bf6 {[%clk 0:37:53]} 43. Bb4 {[%clk 0:30:03]} Kg6
{[%clk 0:35:17]} 44. g4 {[%clk 0:25:58]} Bd8 {[%clk 0:32:47]} 45. Bxd6
{[%clk 0:24:32]} Bb6 {[%clk 0:33:02]} 46. Ne5+ {[%clk 0:24:27]} Kg5
{[%clk 0:33:17]} 47. Bb8 {[%clk 0:23:14]} f5 {[%clk 0:32:52]} 48. d6
{[%clk 0:19:30]} fxg4 {[%clk 0:32:41]} 49. hxg4 {[%clk 0:15:34]} g6
{[%clk 0:31:26]} 50. d7 {[%clk 0:12:37]} Kh4 {[%clk 0:31:03]} 51. Kg2
{[%clk 0:12:44]} 1-0

[Event "wgm"]
[Site "?"]
[Date "2015.09.16"]
[Round "1.3"]
[White "Majdan-Gajewska, Joanna"]
[Black "Mkrtchian, Lilit"]
[Result "1/2-1/2"]
[BlackElo "2440"]
[WhiteElo "2391"]
[LiveChessVersion "1.4.4"]

1. e4 {[%clk 1:30:58]} Nf6 {[%clk 1:30:23]} 2. e5 {[%clk 1:31:20]} Nd5
{[%clk 1:30:45]} 3. d4 {[%clk 1:31:37]} d6 {[%clk 1:31:08]} 4. Nf3
{[%clk 1:30:51]} Nc6 {[%clk 1:30:08]} 5. c4 {[%clk 1:26:03]} Nb6 {[%clk 1:30:29]}
6. e6 {[%clk 1:25:07]} fxe6 {[%clk 1:30:36]} 7. Ng5 {[%clk 1:25:30]} g6
{[%clk 1:24:33]} 8. d5 {[%clk 1:15:16]} exd5 {[%clk 1:17:28]} 9. cxd5
{[%clk 1:15:42]} Nb4 {[%clk 1:17:42]} 10. Qf3 {[%clk 1:07:00]} N4xd5
{[%clk 0:53:43]} 11. Qf7+ {[%clk 0:59:47]} Kd7 {[%clk 0:54:06]} 12. Qe6+
{[%clk 1:00:14]} Ke8 {[%clk 0:51:47]} 13. Qf7+ {[%clk 1:00:40]} Kd7
{[%clk 0:52:14]} 14. Qe6+ {[%clk 1:01:05]} Ke8 {[%clk 0:52:30]} 15. Qf7+
{[%clk 1:01:31]} 1/2-1/2

[Event "wgm"]
[Site "?"]
[Date "2015.09.16"]
[Round "1.4"]
[White "Girya, Olga"]
[Black "Socko, Monika"]
[Result "1-0"]
[BlackElo "2456"]
[WhiteElo "2483"]
[LiveChessVersion "1.4.4"]

1. d4 {[%clk 1:30:58]} Nf6 {[%clk 1:30:49]} 2. c4 {[%clk 1:31:19]} e6
{[%clk 1:31:12]} 3. Nf3 {[%clk 1:31:44]} d5 {[%clk 1:31:34]} 4. Nc3
{[%clk 1:31:50]} Bb4 {[%clk 1:31:49]} 5. Bg5 {[%clk 1:31:31]} h6 {[%clk 1:31:38]}
6. Bxf6 {[%clk 1:31:20]} Qxf6 {[%clk 1:31:40]} 7. e3 {[%clk 1:30:07]} O-O
{[%clk 1:30:16]} 8. Be2 {[%clk 1:29:50]} c5 {[%clk 1:27:32]} 9. cxd5
{[%clk 1:17:56]} exd5 {[%clk 1:25:56]} 10. O-O {[%clk 1:18:21]} Be6
{[%clk 1:22:23]} 11. Qb3 {[%clk 1:14:50]} Nc6 {[%clk 1:19:46]} 12. Rad1
{[%clk 1:02:49]} Rfd8 {[%clk 1:15:22]} 13. a3 {[%clk 0:56:38]} c4
{[%clk 1:13:24]} 14. Qc2 {[%clk 0:55:41]} Bf5 {[%clk 1:09:42]} 15. Qc1
{[%clk 0:54:25]} Bxc3 {[%clk 1:05:22]} 16. Qxc3 {[%clk 0:52:19]} b5
{[%clk 1:05:14]} 17. Ne5 {[%clk 0:50:25]} a5 {[%clk 1:03:48]} 18. Nxc6
{[%clk 0:40:50]} Qxc6 {[%clk 1:04:12]} 19. Bf3 {[%clk 0:41:12]} Qd6
{[%clk 0:59:20]} 20. Ra1 {[%clk 0:39:24]} b4 {[%clk 0:58:21]} 21. Qd2
{[%clk 0:37:25]} Rdc8 {[%clk 0:46:20]} 22. Rfc1 {[%clk 0:36:19]} Rab8
{[%clk 0:43:35]} 23. axb4 {[%clk 0:33:16]} axb4 {[%clk 0:43:28]} 24. g3
{[%clk 0:21:39]} Qd7 {[%clk 0:39:01]} 25. h4 {[%clk 0:15:23]} Rb5
{[%clk 0:36:02]} 26. Kh2 {[%clk 0:14:38]} Qc6 {[%clk 0:34:54]} 27. Qe2
{[%clk 0:09:56]} c3 {[%clk 0:28:06]} 28. Bg4 {[%clk 0:08:17]} Bxg4
{[%clk 0:27:02]} 29. Qxg4 {[%clk 0:08:46]} Rbb8 {[%clk 0:20:57]} 30. bxc3
{[%clk 0:08:22]} b3 {[%clk 0:17:11]} 31. Rab1 {[%clk 0:08:09]} Qa6
{[%clk 0:14:27]} 32. Qf5 {[%clk 0:06:15]} Qc4 {[%clk 0:13:26]} 33. Rb2
{[%clk 0:04:16]} Rc6 {[%clk 0:13:07]} 34. Kg2 {[%clk 0:03:08]} Ra8
{[%clk 0:11:18]} 35. Rcb1 {[%clk 0:01:45]} Rf6 {[%clk 0:09:06]} 36. Qe5
{[%clk 0:01:37]} Ra2 {[%clk 0:06:09]} 37. Qb8+ {[%clk 0:01:34]} Kh7
{[%clk 0:06:37]} 38. Qb4 {[%clk 0:01:50]} h5 {[%clk 0:04:17]} 39. Qxc4
{[%clk 0:00:51]} dxc4 {[%clk 0:04:45]} 40. Rxa2 {[%clk 0:30:57]} bxa2
{[%clk 0:35:13]} 41. Ra1 {[%clk 0:31:23]} Ra6 {[%clk 0:35:32]} 42. Kf3
{[%clk 0:28:29]} Kg6 {[%clk 0:28:18]} 43. Ke4 {[%clk 0:26:16]} Ra3
{[%clk 0:28:31]} 44. d5 {[%clk 0:19:48]} Rxc3 {[%clk 0:28:54]} 45. Rxa2
{[%clk 0:20:14]} Rc1 {[%clk 0:28:54]} 46. Ke5 {[%clk 0:17:54]} c3
{[%clk 0:28:09]} 47. Ra6+ {[%clk 0:16:04]} f6+ {[%clk 0:27:25]} 48. Ke6
{[%clk 0:16:08]} Rc2 {[%clk 0:24:06]} 49. d6 {[%clk 0:15:31]} Rxf2
{[%clk 0:23:38]} 50. d7 {[%clk 0:15:17]} Rd2 {[%clk 0:24:04]} 51. Ke7
{[%clk 0:14:25]} Kf5 {[%clk 0:24:30]} 52. Ra4 {[%clk 0:12:29]} 1-0

[Event "wgm"]
[Site "?"]
[Date "2015.09.16"]
[Round "1.5"]
[White "Foisor, Cristina-Adela"]
[Black "Kashlinskaya, Alina"]
[Result "0-1"]
[BlackElo "2424"]
[WhiteElo "2361"]
[LiveChessVersion "1.4.4"]

1. c4 {[%clk 1:30:56]} c6 {[%clk 1:30:54]} 2. Nf3 {[%clk 1:30:33]} d5
{[%clk 1:31:17]} 3. b3 {[%clk 1:30:14]} Bg4 {[%clk 1:27:13]} 4. Bb2
{[%clk 1:25:37]} Nd7 {[%clk 1:24:56]} 5. e3 {[%clk 1:25:17]} Ngf6
{[%clk 1:22:59]} 6. Be2 {[%clk 1:23:16]} e6 {[%clk 1:23:19]} 7. O-O
{[%clk 1:22:01]} Bd6 {[%clk 1:22:43]} 8. h3 {[%clk 1:17:17]} Bh5 {[%clk 1:20:49]}
9. Nc3 {[%clk 1:10:11]} O-O {[%clk 1:18:42]} 10. d3 {[%clk 1:06:59]} Qe7
{[%clk 1:14:15]} 11. Rb1 {[%clk 1:02:56]} e5 {[%clk 0:59:54]} 12. Nh4
{[%clk 0:56:29]} Bxe2 {[%clk 0:54:38]} 13. Qxe2 {[%clk 0:55:38]} Qe6
{[%clk 0:42:10]} 14. cxd5 {[%clk 0:50:32]} Nxd5 {[%clk 0:41:50]} 15. Nxd5
{[%clk 0:48:41]} cxd5 {[%clk 0:41:28]} 16. e4 {[%clk 0:47:48]} d4
{[%clk 0:40:45]} 17. f4 {[%clk 0:43:50]} exf4 {[%clk 0:35:00]} 18. Bxd4
{[%clk 0:40:35]} Rad8 {[%clk 0:25:21]} 19. Rbc1 {[%clk 0:24:52]} Ba3
{[%clk 0:20:07]} 20. Rc2 {[%clk 0:23:29]} Ne5 {[%clk 0:18:43]} 21. Bxe5
{[%clk 0:20:38]} Qxe5 {[%clk 0:19:40]} 22. Nf3 {[%clk 0:19:39]} Bc5+
{[%clk 0:19:19]} 23. Kh1 {[%clk 0:19:48]} Qe7 {[%clk 0:19:35]} 24. Nh2
{[%clk 0:17:03]} Qd6 {[%clk 0:12:11]} 25. e5 {[%clk 0:13:27]} Qd4
{[%clk 0:10:33]} 26. Qf3 {[%clk 0:04:05]} Qxe5 {[%clk 0:08:38]} 27. Qxb7
{[%clk 0:02:50]} Rxd3 {[%clk 0:07:59]} 28. b4 {[%clk 0:02:06]} Bb6
{[%clk 0:07:18]} 29. a4 {[%clk 0:01:44]} Rb3 {[%clk 0:05:16]} 30. Rc4
{[%clk 0:01:58]} Be3 {[%clk 0:04:52]} 31. Ng4 {[%clk 0:01:24]} Qe6
{[%clk 0:04:14]} 32. Re4 {[%clk 0:01:29]} Qd6 {[%clk 0:03:37]} 33. Nxe3
{[%clk 0:00:37]} fxe3 {[%clk 0:03:33]} 0-1

[Event "wgm"]
[Site "?"]
[Date "2015.09.24"]
[Round "2.1"]
[White "Mkrtchian, Lilit"]
[Black "Girya, Olga"]
[Result "1-0"]
[BlackElo "2483"]
[WhiteElo "2440"]
[LiveChessVersion "1.4.4"]

1. c4 {[%clk 1:30:59]} e5 {[%clk 1:30:42]} 2. Nc3 {[%clk 1:30:46]} Nf6
{[%clk 1:31:00]} 3. Nf3 {[%clk 1:31:08]} Nc6 {[%clk 1:31:25]} 4. a3
{[%clk 1:29:26]} g6 {[%clk 1:25:58]} 5. e3 {[%clk 1:27:10]} Bg7 {[%clk 1:25:38]}
6. Be2 {[%clk 1:27:15]} O-O {[%clk 1:25:01]} 7. d3 {[%clk 1:24:36]} d5
{[%clk 1:21:43]} 8. cxd5 {[%clk 1:24:59]} Nxd5 {[%clk 1:22:11]} 9. Bd2
{[%clk 1:22:11]} Nxc3 {[%clk 1:09:05]} 10. Bxc3 {[%clk 1:21:51]} a5
{[%clk 1:09:14]} 11. Qc2 {[%clk 1:07:16]} Be6 {[%clk 1:03:50]} 12. b3
{[%clk 1:06:20]} Qe7 {[%clk 0:57:25]} 13. O-O {[%clk 0:59:27]} f5
{[%clk 0:52:54]} 14. Qb2 {[%clk 0:52:56]} Bd5 {[%clk 0:48:58]} 15. Nd2
{[%clk 0:50:57]} Rad8 {[%clk 0:47:05]} 16. Rfe1 {[%clk 0:49:01]} f4
{[%clk 0:38:59]} 17. e4 {[%clk 0:46:33]} Be6 {[%clk 0:38:48]} 18. b4
{[%clk 0:44:55]} axb4 {[%clk 0:33:23]} 19. axb4 {[%clk 0:45:19]} Nd4
{[%clk 0:33:37]} 20. Bxd4 {[%clk 0:44:25]} Rxd4 {[%clk 0:31:52]} 21. Reb1
{[%clk 0:42:31]} Rd6 {[%clk 0:24:09]} 22. b5 {[%clk 0:36:56]} g5 {[%clk 0:21:02]}
23. Qb4 {[%clk 0:13:39]} Qd8 {[%clk 0:16:36]} 24. Nc4 {[%clk 0:10:43]} Rd4
{[%clk 0:17:02]} 25. Qc5 {[%clk 0:10:41]} g4 {[%clk 0:15:17]} 26. Bf1
{[%clk 0:08:17]} g3 {[%clk 0:13:05]} 27. f3 {[%clk 0:06:27]} b6 {[%clk 0:06:37]}
28. Qc6 {[%clk 0:03:56]} Bd7 {[%clk 0:01:34]} 29. Qb7 {[%clk 0:04:22]} Bc8
{[%clk 0:01:56]} 30. Qa7 {[%clk 0:03:26]} gxh2+ {[%clk 0:01:47]} 31. Kh1
{[%clk 0:03:41]} Re8 {[%clk 0:02:00]} 32. Nd2 {[%clk 0:02:27]} Bf8
{[%clk 0:01:40]} 33. Nb3 {[%clk 0:02:38]} Rb4 {[%clk 0:01:26]} 34. Qa8
{[%clk 0:00:39]} Qh4 {[%clk 0:00:48]} 35. Rb2 {[%clk 0:00:36]} Rxb3
{[%clk 0:00:49]} 36. Qa2 {[%clk 0:00:46]} Be6 {[%clk 0:00:53]} 37. Rxb3
{[%clk 0:01:12]} Kh8 {[%clk 0:00:45]} 38. Rab1 {[%clk 0:01:24]} Bc5
{[%clk 0:00:59]} 39. Qc2 {[%clk 0:00:52]} Bxb3 {[%clk 0:01:15]} 40. Rxb3
{[%clk 0:31:19]} Ra8 {[%clk 0:30:42]} 41. Rb1 {[%clk 0:29:45]} Bd4
{[%clk 0:26:57]} 42. Rc1 {[%clk 0:24:33]} Qe7 {[%clk 0:17:16]} 43. Qc6
{[%clk 0:20:14]} Ra7 {[%clk 0:15:46]} 44. Qh6 {[%clk 0:17:59]} Be3
{[%clk 0:13:21]} 45. Rc6 {[%clk 0:14:01]} Ra1 {[%clk 0:12:51]} 46. Rxc7
{[%clk 0:14:11]} Rxf1+ {[%clk 0:11:20]} 47. Kxh2 {[%clk 0:14:38]} Bg1+
{[%clk 0:08:11]} 48. Kh3 {[%clk 0:14:59]} 1-0

[Event "wgm"]
[Site "?"]
[Date "2015.09.24"]
[Round "2.2"]
[White "Kashlinskaya, Alina"]
[Black "Gaponenko, Inna"]
[Result "1-0"]
[BlackElo "2402"]
[WhiteElo "2424"]
[LiveChessVersion "1.4.4"]

1. d4 {[%clk 1:30:57]} g6 {[%clk 1:30:55]} 2. e4 {[%clk 1:31:18]} Bg7
{[%clk 1:31:20]} 3. Nc3 {[%clk 1:31:22]} d6 {[%clk 1:31:36]} 4. Be3
{[%clk 1:31:14]} a6 {[%clk 1:30:58]} 5. Qd2 {[%clk 1:29:12]} b5 {[%clk 1:31:14]}
6. Bd3 {[%clk 1:16:02]} Nd7 {[%clk 1:25:53]} 7. Nf3 {[%clk 1:13:16]} c5
{[%clk 1:04:51]} 8. dxc5 {[%clk 1:04:40]} Nxc5 {[%clk 1:03:14]} 9. Rd1
{[%clk 0:56:01]} Bb7 {[%clk 0:50:08]} 10. O-O {[%clk 0:50:14]} Nf6
{[%clk 0:17:41]} 11. Bxc5 {[%clk 0:41:16]} dxc5 {[%clk 0:18:01]} 12. e5
{[%clk 0:41:08]} Ng4 {[%clk 0:17:38]} 13. Qf4 {[%clk 0:39:00]} Qc8
{[%clk 0:13:17]} 14. Be4 {[%clk 0:29:28]} Bxe4 {[%clk 0:12:32]} 15. Qxe4
{[%clk 0:27:33]} O-O {[%clk 0:11:05]} 16. h3 {[%clk 0:24:17]} Nh6
{[%clk 0:11:31]} 17. a4 {[%clk 0:24:33]} bxa4 {[%clk 0:08:51]} 18. Qxa4
{[%clk 0:22:56]} Qb8 {[%clk 0:02:54]} 19. Nd5 {[%clk 0:22:16]} Ra7
{[%clk 0:02:32]} 20. Rfe1 {[%clk 0:19:07]} e6 {[%clk 0:01:01]} 21. Nf6+
{[%clk 0:19:01]} Bxf6 {[%clk 0:01:26]} 22. exf6 {[%clk 0:19:28]} Rd8
{[%clk 0:00:35]} 23. Qf4 {[%clk 0:13:29]} Nf5 {[%clk 0:00:36]} 24. g4
{[%clk 0:13:35]} Nd6 {[%clk 0:00:38]} 25. Ne5 {[%clk 0:12:40]} Rc7
{[%clk 0:00:34]} 26. Qd2 {[%clk 0:07:47]} Rcc8 {[%clk 0:00:41]} 27. Qh6
{[%clk 0:07:34]} Ne8 {[%clk 0:01:09]} 28. Rxd8 {[%clk 0:07:55]} Rxd8
{[%clk 0:01:38]} 29. Nc6 {[%clk 0:08:18]} 1-0

[Event "wgm"]
[Site "?"]
[Date "2015.09.24"]
[Round "2.3"]
[White "Socko, Monika"]
[Black "Zawadzka, Jolanta"]
[Result "1/2-1/2"]
[BlackElo "2430"]
[WhiteElo "2456"]
[LiveChessVersion "1.4.4"]

1. e4 {[%clk 1:30:50]} c5 {[%clk 1:30:48]} 2. Nf3 {[%clk 1:31:15]} Nc6
{[%clk 1:31:08]} 3. d4 {[%clk 1:31:41]} cxd4 {[%clk 1:31:34]} 4. Nxd4
{[%clk 1:32:09]} Nf6 {[%clk 1:31:43]} 5. Nc3 {[%clk 1:32:34]} d6 {[%clk 1:31:58]}
6. Bg5 {[%clk 1:32:50]} e6 {[%clk 1:32:20]} 7. Qd2 {[%clk 1:32:48]} Be7
{[%clk 1:27:33]} 8. O-O-O {[%clk 1:32:45]} Qb6 {[%clk 1:26:22]} 9. Nxc6
{[%clk 1:22:53]} bxc6 {[%clk 1:26:27]} 10. Bxf6 {[%clk 1:17:00]} gxf6
{[%clk 1:21:58]} 11. Na4 {[%clk 1:15:56]} Qb7 {[%clk 1:18:57]} 12. f4
{[%clk 1:15:26]} Rb8 {[%clk 1:16:40]} 13. c4 {[%clk 1:08:27]} Qb4
{[%clk 1:07:11]} 14. Qxb4 {[%clk 1:04:22]} Rxb4 {[%clk 1:07:37]} 15. Nc3
{[%clk 1:04:39]} h5 {[%clk 1:04:32]} 16. a3 {[%clk 1:00:35]} Rb8 {[%clk 1:04:21]}
17. h4 {[%clk 0:53:39]} Rg8 {[%clk 0:58:31]} 18. Rh3 {[%clk 0:53:17]} Bf8
{[%clk 0:47:47]} 19. Rf3 {[%clk 0:50:05]} Ke7 {[%clk 0:43:44]} 20. g3
{[%clk 0:47:58]} Bh6 {[%clk 0:43:49]} 21. Kc2 {[%clk 0:46:56]} Bb7
{[%clk 0:35:57]} 22. Be2 {[%clk 0:44:57]} Rbd8 {[%clk 0:35:59]} 23. Rfd3
{[%clk 0:42:52]} Ba6 {[%clk 0:33:54]} 24. Rf3 {[%clk 0:41:06]} Bb7
{[%clk 0:27:40]} 25. b4 {[%clk 0:41:05]} Rh8 {[%clk 0:16:02]} 26. Rfd3
{[%clk 0:40:04]} Ba6 {[%clk 0:16:02]} 27. b5 {[%clk 0:36:50]} cxb5
{[%clk 0:15:29]} 28. Nxb5 {[%clk 0:35:25]} Bxb5 {[%clk 0:15:13]} 29. cxb5
{[%clk 0:35:54]} Rd7 {[%clk 0:15:30]} 30. Kb3 {[%clk 0:35:54]} Rc8
{[%clk 0:12:56]} 31. Rc3 {[%clk 0:33:48]} Rxc3+ {[%clk 0:12:40]} 32. Kxc3
{[%clk 0:34:17]} Rc7+ {[%clk 0:13:05]} 33. Kb3 {[%clk 0:34:30]} Rc5
{[%clk 0:12:52]} 34. Rd4 {[%clk 0:32:50]} e5 {[%clk 0:10:13]} 35. Ra4
{[%clk 0:33:17]} Rc7 {[%clk 0:10:35]} 36. f5 {[%clk 0:30:37]} Bd2
{[%clk 0:09:01]} 37. Bxh5 {[%clk 0:30:42]} Be1 {[%clk 0:09:17]} 38. Be2
{[%clk 0:31:02]} Bxg3 {[%clk 0:09:04]} 39. h5 {[%clk 0:31:29]} Bf4
{[%clk 0:08:21]} 40. Ra6 {[%clk 0:59:53]} Be3 {[%clk 0:36:41]} 41. a4
{[%clk 1:00:19]} Rc1 {[%clk 0:28:10]} 42. a5 {[%clk 1:00:38]} Ra1
{[%clk 0:26:58]} 43. h6 {[%clk 0:53:11]} Rh1 {[%clk 0:22:13]} 44. b6
{[%clk 0:51:50]} axb6 {[%clk 0:22:38]} 45. axb6 {[%clk 0:48:23]} Bxb6
{[%clk 0:21:34]} 46. Bc4 {[%clk 0:45:25]} Bc5 {[%clk 0:17:37]} 47. Rc6
{[%clk 0:44:31]} Rxh6 {[%clk 0:16:40]} 48. Rc7+ {[%clk 0:44:38]} Ke8
{[%clk 0:15:54]} 49. Bxf7+ {[%clk 0:42:55]} Kd8 {[%clk 0:16:18]} 50. Rb7
{[%clk 0:42:55]} Rh7 {[%clk 0:15:38]} 51. Bd5 {[%clk 0:42:45]} Rxb7+
{[%clk 0:16:02]} 1/2-1/2

[Event "wgm"]
[Site "?"]
[Date "2015.09.24"]
[Round "2.4"]
[White "Szczepkowska-Horowska, Karina"]
[Black "Majdan-Gajewska, Joanna"]
[Result "1/2-1/2"]
[BlackElo "2391"]
[WhiteElo "2395"]
[LiveChessVersion "1.4.4"]

1. d4 {[%clk 1:30:37]} d5 {[%clk 1:30:32]} 2. c4 {[%clk 1:30:28]} e6
{[%clk 1:30:18]} 3. Nf3 {[%clk 1:30:14]} Nf6 {[%clk 1:29:48]} 4. Nc3
{[%clk 1:29:22]} Be7 {[%clk 1:28:33]} 5. Bf4 {[%clk 1:26:32]} O-O
{[%clk 1:27:10]} 6. Rc1 {[%clk 1:26:02]} c5 {[%clk 1:26:54]} 7. dxc5
{[%clk 1:23:37]} Bxc5 {[%clk 1:27:18]} 8. e3 {[%clk 1:22:17]} Nc6
{[%clk 1:27:44]} 9. a3 {[%clk 1:20:45]} a6 {[%clk 1:26:36]} 10. cxd5
{[%clk 1:17:30]} exd5 {[%clk 1:26:15]} 11. Bd3 {[%clk 1:16:44]} Ba7
{[%clk 1:25:28]} 12. O-O {[%clk 1:15:21]} d4 {[%clk 1:25:23]} 13. exd4
{[%clk 1:13:43]} Nxd4 {[%clk 1:25:47]} 14. Nxd4 {[%clk 1:09:33]} Qxd4
{[%clk 1:26:06]} 15. Be3 {[%clk 1:08:59]} Qh4 {[%clk 1:26:31]} 16. Bxa7
{[%clk 1:09:16]} Rxa7 {[%clk 1:26:59]} 17. Qc2 {[%clk 1:05:42]} b6
{[%clk 1:13:42]} 18. g3 {[%clk 1:00:20]} Qh3 {[%clk 1:11:08]} 19. Rfe1
{[%clk 1:00:11]} Bb7 {[%clk 1:09:44]} 20. Bf1 {[%clk 1:00:31]} Qh5
{[%clk 1:10:07]} 21. Be2 {[%clk 0:57:03]} Qh3 {[%clk 1:08:02]} 22. Bf1
{[%clk 0:56:53]} Qh5 {[%clk 1:08:27]} 23. Qd1 {[%clk 0:53:52]} Qf5
{[%clk 1:07:11]} 24. Qd3 {[%clk 0:52:06]} Qxd3 {[%clk 1:05:32]} 25. Bxd3
{[%clk 0:52:22]} Ba8 {[%clk 1:02:40]} 26. Na4 {[%clk 0:49:59]} b5
{[%clk 1:02:27]} 27. Nc5 {[%clk 0:50:06]} Nd7 {[%clk 1:01:11]} 28. b4
{[%clk 0:46:13]} Nxc5 {[%clk 1:01:11]} 29. bxc5 {[%clk 0:46:12]} Rc7
{[%clk 1:01:20]} 30. Bf1 {[%clk 0:44:32]} g6 {[%clk 1:01:21]} 31. Red1
{[%clk 0:43:11]} Rfc8 {[%clk 1:01:43]} 32. Bh3 {[%clk 0:43:22]} f5
{[%clk 1:02:06]} 33. Rd6 {[%clk 0:42:36]} Rc6 {[%clk 1:02:30]} 34. Rd7
{[%clk 0:42:41]} R6c7 {[%clk 1:02:56]} 35. Rd6 {[%clk 0:42:57]} Rc6
{[%clk 1:03:21]} 36. Rd7 {[%clk 0:43:21]} R6c7 {[%clk 1:03:36]} 37. Rd6
{[%clk 0:43:47]} Rc6 1/2-1/2

[Event "wgm"]
[Site "?"]
[Date "2015.09.24"]
[Round "2.5"]
[White "Foisor, Cristina-Adela"]
[Black "Bulmaga, Irina"]
[Result "1/2-1/2"]
[BlackElo "2372"]
[WhiteElo "2361"]
[LiveChessVersion "1.4.4"]

1. e4 {[%clk 1:30:56]} e5 {[%clk 1:30:52]} 2. Nf3 {[%clk 1:31:21]} Nc6
{[%clk 1:31:13]} 3. Bb5 {[%clk 1:31:18]} a6 {[%clk 1:31:21]} 4. Ba4
{[%clk 1:31:04]} Nf6 {[%clk 1:31:34]} 5. O-O {[%clk 1:31:13]} Be7
{[%clk 1:31:29]} 6. Re1 {[%clk 1:31:23]} b5 {[%clk 1:31:33]} 7. Bb3
{[%clk 1:31:48]} d6 {[%clk 1:31:47]} 8. c3 {[%clk 1:32:00]} O-O {[%clk 1:32:08]}
9. h3 {[%clk 1:31:49]} Re8 {[%clk 1:32:00]} 10. Ng5 {[%clk 1:31:52]} Rf8
{[%clk 1:32:17]} 11. Nf3 {[%clk 1:31:53]} Re8 {[%clk 1:32:33]} 12. Ng5
{[%clk 1:32:05]} Rf8 {[%clk 1:32:52]} 13. Nf3 {[%clk 1:31:47]} Re8
{[%clk 1:33:14]} 14. Ng5 1/2-1/2

[Event "wgm"]
[Site "?"]
[Date "2015.09.24"]
[Round "3.1"]
[White "Bulmaga, Irina"]
[Black "Kashlinskaya, Alina"]
[Result "1/2-1/2"]
[BlackElo "2424"]
[WhiteElo "2372"]
[LiveChessVersion "1.4.4"]

1. e4 {[%clk 1:31:00]} c6 {[%clk 1:30:50]} 2. d4 {[%clk 1:31:22]} d5
{[%clk 1:31:16]} 3. e5 {[%clk 1:31:44]} Bf5 {[%clk 1:31:41]} 4. h4
{[%clk 1:31:37]} h5 {[%clk 1:32:00]} 5. c4 {[%clk 1:31:43]} e6 {[%clk 1:32:17]}
6. Nc3 {[%clk 1:31:31]} Nd7 {[%clk 1:30:40]} 7. cxd5 {[%clk 1:29:03]} cxd5
{[%clk 1:27:56]} 8. Nge2 {[%clk 1:27:18]} Ne7 {[%clk 1:17:36]} 9. Ng3
{[%clk 1:25:23]} Bg6 {[%clk 1:17:30]} 10. Bg5 {[%clk 1:19:13]} Qb6
{[%clk 1:04:32]} 11. Bxe7 {[%clk 1:10:07]} Bxe7 {[%clk 1:04:34]} 12. Bb5
{[%clk 1:10:23]} a6 {[%clk 1:00:09]} 13. Bxd7+ {[%clk 1:05:46]} Kxd7
{[%clk 1:00:23]} 14. Qd2 {[%clk 1:02:54]} Rhc8 {[%clk 0:57:25]} 15. Nge2
{[%clk 1:02:56]} Rc4 {[%clk 0:56:25]} 16. Rd1 {[%clk 0:57:12]} Rac8
{[%clk 0:45:44]} 17. O-O {[%clk 0:37:14]} Bf5 {[%clk 0:34:50]} 18. Qf4
{[%clk 0:22:57]} Qxb2 {[%clk 0:29:31]} 19. Rd2 {[%clk 0:22:37]} Bc2
{[%clk 0:11:23]} 20. Rb1 {[%clk 0:22:07]} Qxb1+ {[%clk 0:11:31]} 21. Nxb1
{[%clk 0:22:29]} Ke8 {[%clk 0:11:39]} 22. Nbc3 {[%clk 0:19:58]} Rxc3
{[%clk 0:11:21]} 23. Nxc3 {[%clk 0:20:20]} Rxc3 {[%clk 0:11:51]} 24. Re2
{[%clk 0:19:17]} Rc4 {[%clk 0:10:06]} 25. Qe3 {[%clk 0:12:14]} b5
{[%clk 0:07:39]} 26. Re1 {[%clk 0:10:09]} a5 {[%clk 0:07:17]} 27. Rc1
{[%clk 0:08:52]} b4 {[%clk 0:06:01]} 28. Qd2 {[%clk 0:06:44]} Bf5
{[%clk 0:03:29]} 29. Qd1 {[%clk 0:04:28]} Bd8 {[%clk 0:03:54]} 30. Qa4+
{[%clk 0:01:30]} Ke7 {[%clk 0:04:23]} 31. Rxc4 {[%clk 0:00:36]} dxc4
{[%clk 0:04:52]} 32. Qc6 {[%clk 0:00:32]} c3 {[%clk 0:03:57]} 33. Qd6+ Ke8 34.
Qc6+ {[%clk 0:00:54]} Ke7 {[%clk 0:04:56]} 35. Qd6+ {[%clk 0:00:34]} Ke8
{[%clk 0:05:26]} 36. Qc6+ {[%clk 0:00:38]} Ke7 1/2-1/2